00448nam a2200181Ia 4500003000400000005001700004008004100021020001800062040000700080041000800087082002000095100002300115245005000138250000600188260004200194300001700236365001300253OSt20230401095327.0210423s2011 xx 000 0 und d a9788120343436 cAL aeng a657.48 NARR223 aNARAYANASWAMY (R). aFinancial accounting: managerial perspective. a4 aNew DelhibPHI Learning Pvt Ltdc2011 axiii,680bPB b450cINR